| 000 | 03085nam0a2200433 i 4500 | ||
|---|---|---|---|
| 001 | RU\NLR\BIBL_A\012327384 | ||
| 005 | 20241114173447.0 | ||
| 010 |
_a9785876616135 _9100 |
||
| 035 | _a(NLR Aleph) 012327384 | ||
| 090 |
_a11454125 _c11454125 |
||
| 100 | _a20200907d2020 km y0rusy50 ca | ||
| 101 | 0 | _arus | |
| 102 | _aRU | ||
| 105 | _aac||z|||100zd | ||
| 181 | 0 |
_ai _baxxe |
|
| 182 | 0 | _an | |
| 200 | 1 |
_aО ленинградских математиках, погибших в 1941-1944 годах _e[выступления на Санкт-петербургском математическом семинаре по истории математики Петербургского отделения математического института РАН (ПОМИ) и конференции "Герценовские чтения - 2020"] _fВ.П. Одинец _gМинистерство науки и высшего образования Российской Федерации, Федеральное государственное бюджетное образовательное учреждение высшего образования "Сыктывкарский государственный университет имени Питирима Сорокина" (ФГБОУ ВО "СГУ им. Питирима Сорокина") |
|
| 203 |
_aТекст _bвизуальный _cнепосредственный |
||
| 210 |
_aСыктывкар _cИзд-во СГУ им. Питирима Сорокина _d2020 |
||
| 215 |
_a121 с. _cил., цв. ил., портр. _d22 |
||
| 300 | _aНа 4-й с. обл. авт.: В.П. Одинец - д.ф.-м.н., проф. | ||
| 320 | _aБиблиогр. в конце частей и в подстроч. примеч. | ||
| 320 | _aПредм. указ.: с. 110-111 | ||
| 320 | _aИмен. указ.: с. 112-121 | ||
| 606 |
_aМатематики _jБиографии _yЛенинград, город _92450534 _3RU\NLR\AUTH\6601674667 |
||
| 606 | 1 |
_aБлокада Ленинграда _xЛюдские потери _z1941 - 1944 _92104900 _3RU\NLR\AUTH\661272618 |
|
| 606 |
_aВеликая Отечественная война _xЛюдские потери _z1941 - 1945 _92081706 _3RU\NLR\AUTH\661257700 |
||
| 686 | 1 | _aВ1д(2) | |
| 686 | 1 | _aЦ35(2)722.11(2Р-4Ле-2Ленинград)-81 | |
| 686 | 1 | _aТ3(2)722.721 | |
| 700 | 1 |
_aОдинец _bВ. П. _f1945- _gВладимир Петрович |
|
| 711 | 0 | 2 |
_aМатематический институт им. В. А. Стеклова _bСанкт-Петербургское отделение _bСеминар по истории математики _cМосква _f2020 _9712408 _3RU\NLR\AUTH\880525441 |
| 711 | 1 | 2 |
_aГерценовские чтения _eСанкт-Петербург _f2020 _9760960 _3RU\NLR\AUTH\880547897 |
| 942 | _cBOOK | ||
| 980 | _aNBR | ||